000
00298nam a22001337a 4500
008
171027b xxu||||| |||| 00| 0 eng d
020
_a
9780631214991
041
_a
eng
080
_2
3RD
_a
336
100
_a
56
101
_a
FIN
245
_a
FUTURES, OPTIONS, & SWAPS
_c
KOLB,R.W
942
_2
udc
_c
BK
999
_c
36091
_d
36091